000 00577cam a22002053a 4500
001 34369
003 PGUSA
005 20140828083736.0
008 101119s2010||||xxu|||||s|||||000 | eng d
040 _aPGUSA
_beng
042 _adc
100 1 _aClark, Joan
245 1 0 _aPenny Nichols and the Mystery of the Lost Key
_h[electronic resource] /
_cJoan Clark
260 _bProject Gutenberg,
_c2010
506 _aPublic domain in the USA.
516 _aElectronic text
830 0 _aProject Gutenberg
_v34369
856 4 0 _uhttp://www.gutenberg.org/ebooks/34369
942 _cEB
999 _c263624
_d263624